[Event "Chinese-ch Men 2020"]
[Site "Xinghua"]
[Date "2020.12.25"]
[Round "7.6"]
[White "Zhang, Rui"]
[Black "Ju, Wenjun"]
[Result "1/2-1/2"]
[WhiteElo "1658"]
[BlackElo "2560"]
[Annotator "TA"]
[PlyCount "105"]
[EventDate "2020.12.19"]
[EventType "tourn"]
[EventCountry "CHN"]
[SourceTitle "playchess.com"]
[Source "ChessBase"]
[SourceQuality "1"]

{[%evp 16,105,23,2,19,0,18,0,0,0,0,0,0,-1,31,21,31,35,28,0,30,8,8,6,11,7,6,14,10,0,0,0,0,0,18,0,14,0,0,0,9,9,8,10,12,0,0,0,0,0,0,0,72,13,11,9,27,0,10,8,8,0,0,0,0,-8,0,0,0,0,0,0,0,0,0,0,0,0,0,0,0,0,0,0,0,0,0,0,0,0,0,0]} 1. e4 e5 2. Nf3 Nc6 3. d4 exd4 4. Nxd4 Bc5 5. Be3 Qf6 6. c3 Nge7 7. Bc4 O-O 8. O-O Bb6 9. Kh1 d6 {C45: Scotch Game.} 10. Na3 Qg6 {[#]} 11. Nxc6 $146 ({Predecessor:} 11. f3 Kh8 12. Nxc6 bxc6 13. Bxb6 axb6 14. Nc2 f5 15. Nd4 fxe4 16. fxe4 Bg4 17. Qd3 {½-½ (50) Kollias,D (1441)-Kouvidis,I (1513) Achaia 2017}) 11... bxc6 12. Re1 Be6 13. f4 Bxe3 14. Rxe3 {Hoping for f5.} Bxc4 (14... d5 {seems wilder.} 15. Bd3 dxe4 16. Bxe4 Qf6 17. Qf3 Nd5) 15. Nxc4 f5 16. Qb3 {[#] Strongly threatening Ne5+.} Qf7 17. Na5 c5 18. Rae1 Qxb3 19. axb3 Rab8 20. g3 h5 21. exf5 Nxf5 22. Re4 Rb6 23. Kg2 Ra6 24. Ra4 Rb6 25. Rae4 g6 26. h3 Ra6 27. Ra4 Rb8 28. g4 hxg4 29. hxg4 Nh6 30. Kg3 Rxb3 31. Re8+ Kg7 $1 32. Nxb3 Rxa4 $11 {[%mdl 4096] Endgame KRN-KRN} 33. Re7+ Nf7 {[#]} (33... Kf8 $11 {remains equal.} 34. Rxc7 g5) 34. Rxc7 (34. g5 $1 $16) 34... g5 $1 {[%cal Rg5f4]} 35. fxg5 Kg6 36. Nd2 Nxg5 {The position is equal.} 37. Rc6 Nf7 38. b4 cxb4 39. cxb4 Rxb4 40. Nc4 Rb3+ 41. Kf4 Rd3 42. Ke4 Rd1 43. Ra6 Kg5 {And now ...d5+ would win.} 44. Rxa7 d5+ 45. Ke3 Nh6 46. Ke2 Rd4 47. Ne3 Nxg4 48. Rg7+ Kh5 49. Rxg4 Rxg4 50. Nxg4 Kxg4 51. Kd3 Kf5 52. Kd4 Ke6 53. Kd3 {Weighted Error Value: White=0.07/Black=0.07} 1/2-1/2

[Event "Chinese-ch Men 2020"]
[Site "Xinghua"]
[Date "2020.12.27"]
[Round "8.1"]
[White "Xu, Xiangyu"]
[Black "Ju, Wenjun"]
[Result "1/2-1/2"]
[WhiteElo "2573"]
[BlackElo "2560"]
[Annotator "TA"]
[PlyCount "61"]
[EventDate "2020.12.19"]
[EventType "tourn"]
[EventCountry "CHN"]
[SourceTitle "playchess.com"]
[Source "ChessBase"]
[SourceQuality "1"]

{[%evp 10,61,41,25,39,23,23,0,0,0,0,0,0,0,0,0,0,0,0,0,11,0,0,0,0,0,0,0,0,0,14,0,0,0,17,20,21,18,43,8,4,3,4,5,8,0,0,0,0,0,0,0,0,0]} 1. e4 e5 2. Nf3 Nc6 3. Nc3 Nf6 4. Bb5 Nd4 5. Bc4 Bc5 6. Nxe5 Qe7 {C48: Four Knights: 4 Bb5, replies other than 4...Bb4.} 7. Nf3 ({And not} 7. Bxf7+ Kf8 $17) 7... d5 {[%mdl 64] [#] Decoy} ({Reject} 7... Nxe4 $6 8. Nd5 $16) 8. Nxd5 Qxe4+ {[%mdl 64] Double Attack} 9. Ne3 {Threatens to win with Bxf7+!} Bg4 10. Be2 Nxe2 11. Qxe2 O-O-O 12. d3 Bxf3 13. Qxf3 Qxf3 14. gxf3 Rhe8 15. O-O Nd5 16. Re1 {[#]} Re6 $146 ({Predecessor:} 16... Nf4 17. Bd2 Re6 18. Ng4 Ne2+ 19. Kf1 Nd4 20. Rxe6 fxe6 21. Kg2 Rf8 22. Be3 h5 {1-0 (71) Nandhidhaa,P (2174)-Pratyusha,B (2078) Pune 2014}) 17. Ng2 Rxe1+ 18. Nxe1 Re8 19. Kf1 Bd6 20. h3 Re5 21. c4 Nb4 22. Be3 Rh5 23. Kg2 c5 24. d4 cxd4 {The position is equal.} 25. Bxd4 {[%mdl 64] [#] Double Attack} Be5 26. Bxe5 Rxe5 27. Kf1 Rh5 28. Kg2 Rg5+ 29. Kf1 Rh5 30. Kg2 Rg5+ 31. Kf1 {An uneventful encounter.  Weighted Error Value: White=0.05/Black=0.01} 1/2-1/2

[Event "Chinese-ch Men 2020"]
[Site "Xinghua"]
[Date "2020.12.27"]
[Round "8.2"]
[White "Huang, Renjie"]
[Black "Zhang, Rui"]
[Result "1-0"]
[WhiteElo "2422"]
[BlackElo "1658"]
[Annotator "TA"]
[PlyCount "155"]
[EventDate "2020.12.19"]
[EventType "tourn"]
[EventCountry "CHN"]
[SourceTitle "playchess.com"]
[Source "ChessBase"]
[SourceQuality "1"]

{[%evp 14,155,31,36,61,70,63,68,75,72,89,74,69,74,72,62,79,70,73,73,92,84,99,79,80,84,174,176,159,18,14,0,5,-112,-76,-214,-135,-106,-102,-216,0,-35,-49,-31,-43,-50,-23,-30,-20,-28,0,-16,0,0,0,0,0,0,0,-16,0,0,21,0,0,0,0,0,0,0,0,0,20,26,127,35,113,123,195,202,191,28,26,26,34,37,69,52,64,85,213,210,885,770,29941,1202,29946,29949,29946,29950,29950,29952,29948,29950,29951,29941,29954,29957,29954,29958,29958,5081,29960,29961,29954,29957,29966,29967,29952,29962,29971,29972,29973,29974,29974,29975,29975,29975,29974,29975,29976,29977,29977,29978,29978,29979,29980,29980,29980,29981,29981,29982,29982,29982]} 1. e4 e5 2. Bc4 Nf6 3. d3 d6 4. Nf3 Be7 5. O-O O-O 6. Re1 Nc6 {is the legacy move (6...c6).} 7. a4 Be6 8. Nbd2 Na5 {C55: Two Knights: 4 d3, 4 d4 exd4 5 e5 and Max Lange Attack.} 9. Bxe6 fxe6 10. b4 {[%cal Bb2b4,Bb4b5][%mdl 32]} Nc6 {[#] White is slightly better.} 11. b5 $146 ({Predecessor:} 11. c3 Qe8 12. Qb3 Nd8 13. d4 Nh5 14. dxe5 Nf4 15. Qc4 Qg6 16. g3 Nc6 17. Ra2 {0-1 (35) Zwirs,N (2323)-Schuh,D (2322) Germany 2015}) 11... Nd4 12. Nxd4 exd4 13. Nf3 e5 14. c3 dxc3 15. Qb3+ Kh8 16. Qxc3 Nh5 17. Be3 Qd7 18. Rac1 Rac8 19. Qa5 ({Stronger than} 19. Bxa7 Nf4 $17) 19... Nf4 (19... g5 $16) 20. Bxf4 $18 Rxf4 21. Re3 (21. Qxa7 $16 Rxf3 22. gxf3) 21... c5 $1 $11 22. Qc3 Rcf8 23. Kf1 (23. Rf1 $11 {keeps the balance.}) 23... g5 $1 $17 {[%cal Rg5g4]} 24. h3 (24. Re2 $17) 24... h5 25. Rc2 g4 26. hxg4 (26. Nxe5 $17 dxe5 27. Qxe5+ Kg8 28. Qxh5) 26... Qxg4 $2 (26... hxg4 $19 27. Nxe5 dxe5 28. Qxe5+ Kh7) 27. Qb2 h4 {And now ...h3 would win.} 28. Ne1 Bg5 29. Rce2 b6 (29... R4f6 $5 {[%cal Rg5e3]} 30. Rh3 Bf4 $17) 30. Qa2 Kg7 (30... R4f6 $5 31. Rh3 $8 Bh6 $15) 31. Rh3 $1 R4f7 (31... R4f6 {with more complications.} 32. f3 Bc1 33. a5 bxa5 34. Qxa5 R8f7) 32. f3 (32. Rh1 {keeps more tension.} Rf6 33. a5 bxa5 34. Qxa5 R8f7 35. Qa2) 32... Qd7 33. Nc2 Qe7 34. Ne3 Bxe3 35. Rxe3 Rf4 36. Kf2 Qf6 37. a5 Qf7 38. Qxf7+ (38. Re2 {is interesting.} bxa5 39. Qxa5 Rb8 40. Re1 Qd7 41. Rb1) 38... Kxf7 $11 {[%mdl 4096] Endgame KRR-KRR} 39. Re1 Ke6 40. axb6 axb6 41. Ra1 d5 42. Ke3 dxe4 43. dxe4 Kd6 (43... c4 $11) 44. Rhh1 (44. Ra6 $16) 44... Rg8 (44... c4 $1 $14) 45. Rhd1+ $1 $16 Ke6 (45... Kc7 $16 {was called for.}) 46. Ra6 $18 Rb8 {[#]} 47. Ra7 (47. Rd5 $1 $18) 47... Rf7 $1 $11 {[%cal Rf7a7]} 48. Rxf7 Kxf7 {KR-KR} 49. Rd7+ Kg6 50. Rd6+ Kf7 $1 51. Rh6 {Black is on the road to losing.} c4 (51... Ra8 $16) 52. Rxh4 $18 Rc8 $2 (52... Kg6 53. Kd2 Rc8 54. Rg4+ Kf6) 53. Rh6 Rc5 54. Rxb6 c3 55. Rc6 Rxb5 56. Rxc3 Rb2 57. g4 Kf6 58. Rc5 Rg2 59. Rc6+ Kf7 60. Rd6 Rh2 61. Rd2 Rh1 62. Ra2 (62. Rd5 $142 Ke6 63. Kf2 Rh8 64. Ra5 Kd6 65. g5 Rh2+ 66. Kg3 Rh1 67. g6) 62... Rh3 63. Ra5 {White mates.} Ke6 64. Ra6+ Kf7 65. Kf2 Rh1 66. g5 Rh5 67. Rf6+ Ke7 68. Rf5 Ke6 69. Kg3 Rh1 70. Rf6+ Ke7 71. Kg4 Rf1 72. Kh5 Rh1+ {[#]} 73. Kg6 $1 {[%cal Rg6f5]} Rh3 74. Kg7 Rg3 75. g6 Rg2 76. Rf5 Ke6 77. Kh7 Rh2+ 78. Kg8 {Weighted Error Value: White=0.26/Black=0.41} 1-0

[Event "Chinese-ch Men 2020"]
[Site "Xinghua"]
[Date "2020.12.27"]
[Round "8.3"]
[White "Lin, Yi"]
[Black "Wen, Yang"]
[Result "1/2-1/2"]
[WhiteElo "2408"]
[BlackElo "2594"]
[Annotator "TA"]
[PlyCount "61"]
[EventDate "2020.12.19"]
[EventType "tourn"]
[EventCountry "CHN"]
[SourceTitle "playchess.com"]
[Source "ChessBase"]
[SourceQuality "1"]

{[%evp 11,61,19,17,31,29,23,16,11,15,0,0,0,0,0,1,0,0,-32,-25,-38,0,0,0,0,10,18,3,3,3,3,2,5,29,20,21,0,10,6,2,0,0,0,0,0,0,0,0,0,0,0,0,0]} 1. d4 d5 2. c4 e6 3. Nf3 Nf6 4. g3 dxc4 5. Bg2 Bb4+ 6. Bd2 a5 7. Qc2 {E04: Open Catalan: 5 Nf3.} b6 {[#]} 8. Bxb4 $146 (8. O-O {feels hotter.} O-O 9. Ne5 Nd5 10. a3 Be7 11. e4) ({Predecessor:} 8. Ne5 Ra7 9. O-O Bxd2 10. Qxd2 Bb7 11. Bxb7 Rxb7 12. Nxc4 Nc6 13. Rd1 O-O 14. Nc3 Qa8 {½-½ (48) Ding,L (2791)-Carlsen,M (2863) chess24.com INT 2020}) 8... axb4 9. Qxc4 Nd5 10. Nbd2 Ba6 11. Qc2 Nd7 12. Nc4 O-O 13. O-O c5 14. Nce5 Nxe5 15. Nxe5 Rc8 16. dxc5 Rxc5 17. Qd1 Ne3 18. Qxd8 Rxd8 {[#]} 19. Nxf7 $1 Kxf7 20. fxe3+ Ke7 $1 21. Rf4 Bxe2 (21... Rc4 {keeps more tension.} 22. Raf1 Rd2 23. Rf7+ Kd6 24. Ra7 Bb5) 22. Rxb4 b5 {The position is equal.} 23. Rd4 Rxd4 24. exd4 $11 {[%mdl 4096] Endgame KRB-KRB} Rc2 25. a4 (25. b3 {is interesting.} b4 26. d5 e5 27. Be4 Rd2 28. Rc1) 25... bxa4 26. Rxa4 Rxb2 27. d5 exd5 28. Bxd5 Bh5 29. Ra2 Rxa2 30. Bxa2 Bf7 31. Bxf7 {Weighted Error Value: White=0.04/Black=0.03} 1/2-1/2

[Event "Chinese-ch Men 2020"]
[Site "Xinghua"]
[Date "2020.12.27"]
[Round "8.4"]
[White "Bai, Jinshi"]
[Black "Yu, Yangyi"]
[Result "1/2-1/2"]
[WhiteElo "2618"]
[BlackElo "2709"]
[Annotator "TA"]
[PlyCount "61"]
[EventDate "2020.12.19"]
[EventType "tourn"]
[EventCountry "CHN"]
[SourceTitle "playchess.com"]
[Source "ChessBase"]
[SourceQuality "1"]

{[%evp 15,61,0,0,0,0,0,0,0,0,0,0,0,7,0,10,0,6,0,0,0,0,0,5,0,0,0,11,6,23,14,23,13,41,37,36,10,10,10,10,0,0,0,10,0,10,10,10,10]} 1. d4 Nf6 2. c4 e6 3. Nf3 d5 4. Nc3 Bb4 5. cxd5 exd5 6. Bg5 h6 7. Bxf6 Qxf6 8. Qb3 {8.Qa4+ might become the main line.} Qb6 9. a3 {D38: Queen's Gambit Declined: Ragozin Defence (4 Nf3 Bb4).} Ba5 10. Qc2 {[#] And now b4 would win.} Bf5 11. Qa4+ Bd7 12. Qc2 {Hoping for b4.} Bxc3+ 13. Qxc3 O-O 14. e3 Rc8 15. Bd3 Bb5 {[#]} 16. Bxb5 $146 ({Predecessor:} 16. O-O Bxd3 17. Qxd3 Nd7 18. Rfc1 Nf6 19. Rc2 c6 20. Ne5 Re8 21. Rac1 Re7 22. Qf5 {0-1 (57) Lou,Y (2468)-Yu,Y (2688) Reykjavik 2013}) 16... Qxb5 17. a4 Qb6 18. b4 Nd7 19. O-O c6 20. Nd2 a6 21. Nb3 Re8 22. Nc5 Re7 23. Rfe1 Rae8 24. Nxd7 (24. Reb1 {with more complications.} Qc7 25. Nd3 Nf6 26. b5 Ne4 27. Qb2) 24... Rxd7 25. Qc5 Qxc5 {The position is equal.} 26. bxc5 $11 {KRR-KRR} f5 27. f4 g5 28. g3 g4 29. h4 h5 30. a5 Kf7 31. Kf2 {Weighted Error Value: White=0.04/Black=0.05} 1/2-1/2

[Event "Chinese-ch Men 2020"]
[Site "Xinghua"]
[Date "2020.12.27"]
[Round "8.5"]
[White "Wei, Yi"]
[Black "Zhao, Jun"]
[Result "1-0"]
[WhiteElo "2732"]
[BlackElo "2638"]
[Annotator "TA"]
[PlyCount "87"]
[EventDate "2020.12.19"]
[EventType "tourn"]
[EventCountry "CHN"]
[SourceTitle "playchess.com"]
[Source "ChessBase"]
[SourceQuality "1"]

{[%evp 9,87,0,22,25,25,33,30,31,43,50,51,32,74,68,137,121,107,121,258,228,242,235,228,151,285,278,310,304,298,311,446,463,434,333,375,341,408,408,400,372,340,0,327,335,490,480,485,458,965,965,775,470,465,460,426,434,526,526,429,501,661,661,622,648,639,649,622,622,615,576,29959,29958,29988,29968,29978,29976,29988,29989,29989,29990]} 1. e4 c6 2. Nf3 d5 3. exd5 cxd5 4. d4 Nc6 5. c3 e6 6. Bd3 {B13: Caro-Kann: Exchange Variation and Panov-Botvinnik Attack.} Bd6 {The main line 6...Bd6 scores better than 6...Nf6.} 7. O-O Nge7 8. Re1 {White has an edge.} Qc7 {[#]} 9. b3 $146 ({Predecessor:} 9. a3 Bd7 10. c4 dxc4 11. Bxc4 O-O 12. Nc3 Nb4 13. Bb3 Nbd5 14. Ne4 Bc6 15. Bg5 {1-0 (40) Ehlvest,J (2517)-Jaracz,P (2456) chess.com INT 2020}) 9... b6 10. c4 Bb4 11. Re3 Bb7 (11... h6 $14) 12. a3 $16 Bd6 13. Nc3 O-O-O (13... a6 $16) 14. Nb5 $18 Qd7 15. Nxd6+ Qxd6 16. Bb2 Qf4 (16... dxc4 $16 {is a better defense.} 17. bxc4 Kb8) 17. c5 Nf5 18. Bxf5 Qxf5 19. b4 bxc5 (19... Kb8 $142 20. b5 Na5) 20. b5 Nxd4 21. Nxd4 cxd4 22. Bxd4 Rd7 23. Rc1+ Kd8 24. Rf3 Qe4 25. Re3 ({Resist} 25. Bxg7 Rg8 $18) ({Not} 25. Bxa7 d4 $16) 25... Qf5 26. Bxg7 d4 {[#]} (26... Rg8 $142) 27. Rg3 $1 Re8 28. Qd2 f6 (28... Rc7 $142 29. Rg5 (29. Qxd4+ Qd5 $18) (29. Bxd4 Rxc1+ 30. Qxc1 Kd7 $18) 29... Rxc1+ 30. Qxc1 Qd3) 29. Qa5+ Ke7 30. Qb4+ Kf7 31. Bh6 {[%csl Gh6][%cal Rg3g7]} e5 32. b6 a5 33. Qb5 {Intending Rg7+ and mate.} Red8 34. h3 Ke6 {[#]} 35. Rc6+ $1 {[%mdl 512]} Bxc6 36. Qxc6+ Rd6 37. Qc4+ Rd5 {White must now prevent ...Qb1+.} 38. Rb3 a4 39. Rb5 {Hoping for b7.} Qe4 40. b7 {White mates.} Rg8 41. Qc6+ Ke7 {[#]} 42. Bf8+ $1 {[%mdl 512]} Kf7 (42... Rxf8 43. Rxd5) 43. Qc7+ Kg6 44. b8=Q {Black got outplayed after the opening.  Weighted Error Value: White=0.23/Black=0.50} 1-0

[Event "Chinese-ch Men 2020"]
[Site "Xinghua"]
[Date "2020.12.27"]
[Round "8.6"]
[White "Lu, Shanglei"]
[Black "Xu, Yinglun"]
[Result "1/2-1/2"]
[WhiteElo "2615"]
[BlackElo "2554"]
[Annotator "TA"]
[PlyCount "38"]
[EventDate "2020.12.19"]
[EventType "tourn"]
[EventCountry "CHN"]
[SourceTitle "playchess.com"]
[Source "ChessBase"]
[SourceQuality "1"]

{[%evp 20,38,14,-5,0,0,0,0,0,0,0,0,0,0,0,0,0,0,0,0,0]} 1. e4 e6 2. d4 d5 3. Nc3 Nf6 4. e5 Nfd7 5. f4 c5 6. Nf3 Nc6 7. Be3 a6 8. a3 cxd4 9. Nxd4 Bc5 10. Qd2 O-O 11. O-O-O {The position is equal.} Rb8 {C11: French: Classical System: 4 e5 and 4 Bg5 dxe4.} 12. h4 Bxd4 13. Bxd4 b5 14. Rh3 Nxd4 (14... b4 15. axb4 Rxb4 16. Ne2 Rb7 17. h5 f6 18. h6 fxe5 19. hxg7 Rf7 20. fxe5 Rxg7 21. Rh5 Nxd4 22. Qxd4 Qa5 23. Kb1 Nc5 24. Rh4 Bd7 25. Nc1 Be8 26. Bd3 {½-½ (50) Lu,S (2639)-Xu,Y (2478) Shenyang 2019}) 15. Qxd4 Qe7 {[#]} 16. Qb4 $5 $146 {[%mdl 8] New and interesting.} ({Predecessor:} 16. b4 Nb6 17. h5 Bd7 18. Qc5 Qd8 19. Bd3 Re8 20. g4 a5 21. g5 axb4 22. axb4 Na4 23. Qd4 Qc7 24. Ne2 Nb6 25. Kd2 Ra8 26. Ke1 {1-0 (55) Trent,B (2380)-Haugen,A (2391) ICCF email 2018}) 16... Qd8 17. Qd4 Qe7 18. Qb4 Qd8 19. Qd4 Qe7 {A rather calm draw.  Weighted Error Value: White=0.02/Black=0.00} 1/2-1/2

[Event "Chinese-ch Men 2020"]
[Site "Xinghua"]
[Date "2020.12.28"]
[Round "9.1"]
[White "Xu, Yinglun"]
[Black "Xu, Xiangyu"]
[Result "1/2-1/2"]
[WhiteElo "2554"]
[BlackElo "2573"]
[Annotator "TA"]
[PlyCount "56"]
[EventDate "2020.12.19"]
[EventType "tourn"]
[EventCountry "CHN"]
[SourceTitle "playchess.com"]
[Source "ChessBase"]
[SourceQuality "1"]

{[%evp 16,56,17,0,12,14,0,7,16,10,10,10,10,10,10,10,10,10,10,10,12,10,10,9,10,10,10,16,15,6,11,10,13,14,16,0,0,0,16,0,0,0,20]} 1. d4 Nf6 2. c4 e6 3. Nc3 Bb4 4. Nf3 d5 5. Bg5 h6 6. Bxf6 Qxf6 7. Qb3 c5 8. cxd5 exd5 9. dxc5 {The position is equal.} Bxc3+ {D38: Queen's Gambit Declined: Ragozin Defence (4 Nf3 Bb4).} 10. Qxc3 Qxc3+ 11. bxc3 Na6 12. Rd1 Be6 13. e4 dxe4 14. Bxa6 bxa6 15. Nd4 Rc8 16. Nxe6 fxe6 $11 {[%mdl 4096] Endgame KRR-KRR} 17. Rd6 {[%mdl 64] [#] Double Attack} O-O 18. Rxe6 Rxc5 19. Rxe4 Rxc3 {aiming for ...Rc1+.} 20. O-O $1 Rc2 21. Ra4 Rf6 22. g4 Rb6 23. Kg2 Rbb2 24. a3 Rb6 {[#]} 25. Re1 $5 $146 {[%mdl 8] An interesting novelty.} ({Predecessor:} 25. Rf4 Rbc6 26. Rd1 R2c4 27. Rd8+ Kh7 28. Rdd4 Rxd4 29. Rxd4 Rc5 30. a4 a5 31. Kg3 h5 32. gxh5 Kh6 33. Rg4 Kxh5 34. Rxg7 Rc4 35. Rh7+ {½-½ (58) Kempinski,R (2600)-Kryvoruchko,Y (2652) Eretria 2011}) 25... Rf6 26. Rf1 Rb6 27. Re1 Rf6 28. Rf1 Rb6 {Not much happened in this game.  Weighted Error Value: White=0.03/Black=0.01} 1/2-1/2

[Event "Chinese-ch Men 2020"]
[Site "Xinghua"]
[Date "2020.12.28"]
[Round "9.2"]
[White "Zhao, Jun"]
[Black "Lu, Shanglei"]
[Result "1/2-1/2"]
[WhiteElo "2638"]
[BlackElo "2615"]
[Annotator "TA"]
[PlyCount "50"]
[EventDate "2020.12.19"]
[EventType "tourn"]
[EventCountry "CHN"]
[SourceTitle "playchess.com"]
[Source "ChessBase"]
[SourceQuality "1"]

{[%evp 21,50,0,0,0,0,0,0,0,0,0,0,-1,0,0,0,0,0,0,0,0,0,0,0,0,0,0,0,0,0,0,0]} 1. e4 c5 2. Nf3 d6 3. d4 cxd4 4. Nxd4 Nf6 5. Nc3 a6 6. Bg5 e6 7. f4 Qb6 8. Qd2 Qxb2 9. Rb1 Qa3 10. f5 Nc6 11. fxe6 fxe6 {The position is equal.} 12. Nxc6 {B97: Sicilian Najdorf: Poisoned Pawn.} bxc6 13. Bd3 {Recently 13.Be2 got a lot of attention.} Be7 14. e5 dxe5 15. O-O O-O 16. Qe1 a5 17. Ne4 {[#] Threatening Qh4.} Ba6 $146 ({Predecessor:} 17... Nxe4 18. Qxe4 g6 19. Bxe7 Rxf1+ 20. Kxf1 Qxe7 21. Qxc6 Qa7 22. Bc4 Bd7 23. Bxe6+ Bxe6 24. Qxe6+ {½-½ (31) Petkov,M (2409)-Mendonca,L (2516) Budapest 2020}) 18. Rb3 Bc5+ ({Much worse is} 18... Qxa2 $6 19. Bxa6 Qxc2 20. Bxf6 $16) 19. Kh1 Nxe4 20. Rxa3 ({Don't blunder} 20. Rxf8+ $2 Rxf8 21. Rxa3 Nf2+ 22. Qxf2 Rxf2 $19) 20... Rxf1+ 21. Bxf1 Nf2+ 22. Kg1 Nh3+ $1 {[%mdl 64] [#] Discovered Attack (Double check)} 23. Kh1 Nf2+ 24. Kg1 Nh3+ $1 {[%mdl 64] Discovered Attack (Double check)} 25. Kh1 Nf2+ {A rather calm draw.  Weighted Error Value: White=0.00/Black=0.00} 1/2-1/2

[Event "Chinese-ch Men 2020"]
[Site "Xinghua"]
[Date "2020.12.28"]
[Round "9.3"]
[White "Yu, Yangyi"]
[Black "Wei, Yi"]
[Result "1-0"]
[WhiteElo "2709"]
[BlackElo "2732"]
[Annotator "TA"]
[PlyCount "83"]
[EventDate "2020.12.19"]
[EventType "tourn"]
[EventCountry "CHN"]
[SourceTitle "playchess.com"]
[Source "ChessBase"]
[SourceQuality "1"]

{[%evp 16,83,10,0,0,0,10,2,8,7,11,7,7,0,0,4,75,25,12,25,44,73,102,80,75,80,98,94,112,111,101,114,112,105,175,167,180,150,127,113,106,74,107,113,106,106,128,129,125,27,29,27,25,24,108,100,368,291,467,462,391,184,444,444,453,445,453,453,643,622]} 1. d4 Nf6 2. c4 g6 3. Nc3 d5 4. cxd5 Nxd5 5. e4 Nxc3 6. bxc3 Bg7 7. Nf3 c5 8. h3 O-O 9. Be2 cxd4 {D85: Exchange Grünfeld: Unusual White 7th moves and lines with 7 Nf3.} 10. cxd4 Nc6 {[%cal Rc6d4]} 11. Be3 Qa5+ {The position is equal.} 12. Bd2 Qa3 13. d5 Ne5 14. Rb1 {14.0-0 is setting a new trend.} Nxf3+ 15. Bxf3 {[#]} f5 $146 (15... Qxa2 $11 {keeps the balance.} 16. O-O b6) ({Predecessor:} 15... b6 16. O-O Qd6 17. Bb4 Qe5 18. d6 Bf6 19. Rc1 Rb8 20. Rc7 Ba6 21. dxe7 Rfe8 {1-0 (40) Nguyen,N (2659)-Laylo,D (2499) Ho Chi Minh City 2015}) 16. e5 Bxe5 17. O-O Qd6 18. Re1 {[%mdl 1024] White has compensation.} a5 19. Re2 b6 20. Qe1 Bf6 21. Qc1 Bb7 {[#]} 22. Bf4 $1 {[%cal Rf4d6]} Qd7 23. Rxb6 Rac8 24. Qe1 Rf7 (24... Rfd8 $16) 25. Qxa5 $18 g5 {[#]} 26. Qa7 $1 Bc6 27. Qxd7 ({Not} 27. Rxc6 Qxa7 28. Rxc8+ Rf8 $15) 27... Bxd7 28. Rb7 gxf4 29. Rxd7 Rff8 30. a4 Rc1+ 31. Kh2 Kh8 32. a5 ({White should play} 32. Rb7 $16) 32... Ra1 $11 33. Ra7 Rg8 {Strongly threatening ...Bh4.} 34. Rd2 $36 {[%mdl 2048] Hoping for Rd1. White has good play.} Rf1 {[#]} (34... Rd8 $11 {remains equal.}) 35. Rd1 $1 $16 {[%cal Rd1f1]} Rxf2 {[%mdl 8192] Loses the game.} (35... Rxd1 $16 36. Bxd1 Rd8) 36. a6 {[%cal Ba5a6,Ba6a7][%mdl 32] d6 is the strong threat.} Ra2 $2 (36... Bh4 {is a better defense.} 37. Rb7 Ra2) 37. d6 $18 exd6 38. Rf7 (38. Bd5 $142 Rgxg2+ 39. Bxg2) 38... Be5 $2 (38... Bh4) 39. a7 {White is clearly winning.} h6 40. Kh1 Ra4 41. Rb7 Bf6 (41... h5 $142 42. Bd5 Rg3 43. Rb8+ Kh7) 42. Rxd6 {Weighted Error Value: White=0.20/Black=0.39} 1-0

[Event "Chinese-ch Men 2020"]
[Site "Xinghua"]
[Date "2020.12.28"]
[Round "9.4"]
[White "Wen, Yang"]
[Black "Bai, Jinshi"]
[Result "1/2-1/2"]
[WhiteElo "2594"]
[BlackElo "2618"]
[Annotator "TA"]
[PlyCount "60"]
[EventDate "2020.12.19"]
[EventType "tourn"]
[EventCountry "CHN"]
[SourceTitle "playchess.com"]
[Source "ChessBase"]
[SourceQuality "1"]

{[%evp 9,60,7,23,-17,0,-19,-10,-14,-8,-25,0,0,0,0,0,0,7,12,13,0,3,0,0,0,0,0,0,0,0,0,0,0,0,0,0,0,2,5,10,6,13,11,10,4,7,8,14,9,12,0,10,10,12]} 1. d4 d5 2. Nf3 Nf6 3. Bf4 Bf5 4. c4 e6 5. Qb3 Bd6 {[#]} 6. Bg5 $146 {D02: 1 d4 d5 2 Nf3 sidelines, including 2...Nf6 3 g3 and 2...Nf6 3 Bf4.} ({Predecessor:} 6. Bxd6 cxd6 7. cxd5 Nxd5 8. Nbd2 Nf6 9. e3 Nbd7 10. Be2 Qb6 11. Nc4 Qc7 12. Qxb7 Qxb7 13. Nxd6+ {1-0 (37) Laurent,M (2054)-Stephan,A (1881) Avoine 2010}) 6... dxc4 7. Qxc4 Nbd7 8. Nc3 {[#] Strongly threatening e4!} h6 9. Bh4 {With the idea e4!} Be7 10. e3 {The position is equal.} O-O 11. Be2 c5 12. O-O Ne4 13. Bxe7 Qxe7 14. Rac1 cxd4 15. Qxd4 Ndf6 16. Qe5 Rac8 17. Nd4 Nxc3 18. Rxc3 Be4 19. Rfc1 Rxc3 20. Rxc3 Qb4 21. Qb5 Qxb5 22. Bxb5 a6 23. Be2 Bd5 24. a3 Rd8 25. f3 e5 26. Nb3 Bxb3 27. Rxb3 Rd7 28. Kf1 Kf8 29. f4 exf4 30. exf4 Ne4 {An uneventful encounter.  Weighted Error Value: White=0.05/Black=0.04} 1/2-1/2